Practical plant anatomy (Record no. 43973)

MARC details
000 -LEADER
fixed length control field 00279nam a2200109Ia 4500
082 ## - DEWEY DECIMAL CLASSIFICATION NUMBER
Classification number 581.4
Item number FOS;1
100 ## - MAIN ENTRY--AUTHOR NAME
Personal name Foster, Adriance S
245 #0 - TITLE STATEMENT
Title Practical plant anatomy
260 ## - PUBLICATION, DISTRIBUTION, ETC. (IMPRINT)
Place of publication New York
Name of publisher Nostran Company
Year of publication 1960
942 ## - ADDED ENTRY ELEMENTS (KOHA)
Koha item type Books
Holdings
Withdrawn status Lost status Damaged status Not for loan Home library Current library Date acquired Source of acquisition Full call number Accession Number Koha item type
        RRII Library RRII Library 16/12/2021 Gift 581.4 FOS;1 G00722 Books